00562nam a2200145 a 450000100100000000500170001000800410002704000250006824500460009326000770013930000200021649000680023671000440030483000680034800002768620240307073947.0110404s1947 dr 000 0 spa d aDO-SdBNPbspacBNPHU00aInaguración de la Ciudad Universitaria. aCiudad Trujillo, República Dominicana :bEditorial Pol Hermano,c1947. a49 p. ;c24 cm.1 aPublicaciones de la Universidad Autónoma de Santo Domingov521 aUniversidad Autónoma de Santo Domingo 0aPublicaciones de la Universidad Autónoma de Santo Domingon52